000 00714nas a2200229 4500
001 BR5600209
003 BR-BrBNA
005 20231205081959.0
007 ta
008 230509b bl.|||p| |||| 00| 00por d
040 _aBR-BrBNA
_bpor
_cBiblioteca Nacional de Agricultura
041 _a(Pt)
072 _aL72
100 1 _aGoncalves, P.C.
245 1 _aSobre um caso de Isosporose canina, ocorrido em nosso meio
650 _aPARASITO DE ANIMAL
650 _aISOSPOROSE
650 _aCAO
773 0 _tRevista da Escola de Agronomia e Veterinaria da Universidade do Rio Grande do Sul (Brazil)
_x
_g(Dec 1956), v. 1(3) p. 47-50
_wBR5600209
909 _a202311
_bLúcia
_c55
_dLúcia Elande
942 _2AGRIS
_n0
_cANA
999 _c88310
_d88310